Real Gender : (Record no. 1672536)

MARC details
000 -LEADER
fixed length control field 00501 a2200181 4500
005 - DATE AND TIME OF LATEST TRANSACTION
control field 20260309155013.0
008 - FIXED-LENGTH DATA ELEMENTS--GENERAL INFORMATION
fixed length control field 260309b |||||||| |||| 00| 0 eng d
020 ## - INTERNATIONAL STANDARD BOOK NUMBER
International Standard Book Number 9781509555857
040 ## - CATALOGING SOURCE
Transcribing agency SDCL
041 ## - LANGUAGE CODE
Source of code eng
Language code of text/sound track or separate title eng
084 ## - COLON CLASSIFICATION NUMBER
Classification number Y15 R4
100 ## - MAIN ENTRY--PERSONAL NAME
Personal name Moyal-Sharrock, Danièle
245 ## - TITLE STATEMENT
Title Real Gender :
Remainder of title A Cis Defence of Trans Realities
260 ## - PUBLICATION, DISTRIBUTION, ETC.
Place of publication, distribution, etc. Cambridge :
Name of publisher, distributor, etc. Polity Press,
Date of publication, distribution, etc. 2024.
300 ## - PHYSICAL DESCRIPTION
Extent xv, 269p.
700 ## - ADDED ENTRY--PERSONAL NAME
Personal name Sandis, Constantine
942 ## - ADDED ENTRY ELEMENTS (KOHA)
Koha item type Textual
Source of classification or shelving scheme Colon Classification (CC)
100 ## - MAIN ENTRY--PERSONAL NAME
-- 1131416
700 ## - ADDED ENTRY--PERSONAL NAME
-- 850514
999 ## -
-- 1672536
-- 1672536
Holdings
Withdrawn status Lost status Source of classification or shelving scheme Damaged status Not for loan Home library Current library Date acquired Source of acquisition Cost, normal purchase price Inventory number Total checkouts Full call number Barcode Date last seen Cost, replacement price Price effective from Koha item type
    Colon Classification (CC)     South Campus Library South Campus Library 2025-12-16 32 1816.76 6995 & 16/12/2025   Y15 R4 SC1691788 2025-12-16 2251.99 2025-12-16 Textual
Copyright @ Delhi University Library System